000 00602nam a2200241 a 4500
001 nice12345678
003 IN_TiNIC
005 20260116012711.0
008 050524s1985 hyda grp 000 0 urd
020 _a
_c30
082 0 0 _a954.84
_bQAD
100 _aQadeer, Iqbal Jahan
245 _aHyderabad Ki Mushtarika Tahzeeb
260 _aHyderabad
_bLucky Fine Arts Printing Press
_c1985
300 _a176p
500 _aincludes index and biblioraphy
505 2 _aIndex
650 _aHyderabad-Culture
700 1 _aQadeer, Iqbal Jahan
902 _bSRS
942 _cBK
999 _c8007
_d8007